[Event "JUG-chT Cetinje"]
[Site "Cetinje"]
[Date "1990.??.??"]
[Round "7"]
[White "Tosic, Miroslav"]
[Black "Vucinic, Pero"]
[Result "1-0"]
[WhiteElo "2375"]
[BlackElo "2320"]

1.e4 e6 2.d4 d5 3.Nc3 Nf6 4.e5 Nfd7 5.f4 c5 6.Nf3 Nc6 7.Be3 Be7 8.Qd2 f6
9.exf6 Bxf6 10.dxc5 Qa5 11.Nb5 Qxd2+ 12.Kxd2 Ke7 13.c3 a6 14.Nbd4 Kf7 15.Nxc6 bxc6
16.Bd3 a5 17.Rhf1 Ba6 18.Bxa6 Rxa6 19.Bd4 Rb8 20.Kc2 Be7 21.Rae1 h6 22.f5 exf5
23.Ne5+ Nxe5 24.Rxf5+ Bf6 25.Bxe5 Re8 26.Ref1 Re6 27.h4 Ke7 28.Bxf6+ Rxf6
29.Rxf6 gxf6 30.g4 Ra8 31.Rf4 a4 32.Rb4 Ra5 33.Rb7+ Ke6 34.Rh7 Rxc5 35.Rxh6 Kf7
36.Rh7+ Kg6 37.Rb7 Rc4 38.Rb4 Rc5 39.Rxa4 f5 40.h5+ Kg5 41.gxf5 Rb5 42.Ra6 Rc5
43.Kd3 Kxh5 44.b3 Kg5 45.Kd4  1-0

[Event "Clichy"]
[Site "Clichy"]
[Date "1990.??.??"]
[Round "4"]
[White "Grimberg, Gilbert"]
[Black "Piskov, Yury"]
[Result "1-0"]
[WhiteElo "2320"]
[BlackElo "2445"]

1.e4 e6 2.d4 d5 3.Nc3 Nf6 4.e5 Nfd7 5.f4 c5 6.Nf3 Nc6 7.Be3 Qb6 8.a3 cxd4
9.Nxd4 Nxd4 10.Bxd4 Bc5 11.Nb5 O-O 12.b4 Bxd4 13.Qxd4 Qxd4 14.Nxd4 a5 15.c3 Nb6
16.Be2 Bd7 17.Kd2 Rfc8 18.Rhc1 Rc7 19.Nf3 a4 20.Nd4 Rac8 21.Rc2 f6 22.Rf1 Rf8
23.Rcc1 Rcc8 24.Rce1 fxe5 25.fxe5 Rxf1 26.Rxf1 Rf8 27.Rxf8+ Kxf8 28.b5 Nc4+
29.Bxc4 dxc4 30.b6 Ke7 31.Ke3 Be8 32.Nc2 Bh5 33.Kd4 Kd7 34.Nb4 Be2 35.Kc5 g5
36.Kb5 Bd3 37.g3 h5 38.Kxa4 h4 39.Kb5 h3 40.Kc5  1-0

[Event "Copenhagen op"]
[Site "Copenhagen"]
[Date "1990.??.??"]
[Round "2"]
[White "Sznapik, Aleksander"]
[Black "Hvenekilde, Jorgen"]
[Result "1-0"]
[WhiteElo "2485"]
[BlackElo "2285"]

1.e4 e6 2.d4 d5 3.Nc3 Nf6 4.e5 Nfd7 5.f4 c5 6.Nf3 Be7 7.Be3 b6 8.Qd2 g6 9.Be2 Ba6
10.O-O Bxe2 11.Qxe2 Nc6 12.Rad1 a6 13.Kh1 h5 14.Qf2 h4 15.Ne2 Qc7 16.c3 c4
17.Neg1 O-O-O 18.b3 Na5 19.Rb1 Rdf8 20.Nh3 Kb8 21.Qe1 Rh5 22.Bf2 Qd8 23.Nfg5 Qe8
24.Bxh4 Rfh8 25.Bg3 Ka7 26.Qd2 Nb8 27.Kg1 Bd8 28.Nf2 Nbc6 29.Ng4 Nb8 30.h4 Rxh4
31.Bxh4 Rxh4 32.Nf2 Bxg5 33.fxg5 Nbc6 34.g3 Rh8 35.Ng4 Nd8 36.Kg2 Qe7 37.b4 Nab7
38.Rh1 Rxh1 39.Rxh1 Qd7 40.Qc2 a5 41.Nf6 Qc6 42.a3 axb4 43.axb4 Qb5 44.Ra1+ Kb8
45.Qa2 Kc7 46.Qa8 Qc6 47.Ra7 Qb5 48.Ne8+  1-0

[Event "Copenhagen op"]
[Site "Copenhagen"]
[Date "1990.??.??"]
[Round "8"]
[White "Sznapik, Aleksander"]
[Black "Arnason, Throstur"]
[Result "1-0"]
[WhiteElo "2485"]
[BlackElo "2235"]

1.e4 e6 2.d4 d5 3.Nc3 Nf6 4.e5 Nfd7 5.f4 c5 6.Nf3 Nc6 7.Be3 a6 8.Qd2 b5 9.dxc5 Bxc5
10.Bxc5 Nxc5 11.Bd3 b4 12.Ne2 Qb6 13.Ned4 Nxd4 14.Nxd4 Bd7 15.Qe3 Bb5 16.O-O Bxd3
17.cxd3 Na4 18.f5 exf5 19.Rxf5 O-O 20.Raf1 Nxb2 21.e6 f6 22.Rxd5 Rfe8 23.Rd7 Ra7
24.Rxa7 Qxa7 25.Rb1 Na4 26.Rxb4 Nc3 27.Rc4 Nd5 28.Qe4 Nc7 29.Qc6 Re7 30.Qd6 Nxe6
31.Qd5 Kf8 32.Rc8+ Kf7 33.Qh5+  1-0

[Event "Ermua"]
[Site "Ermua"]
[Date "1990.??.??"]
[Round "8"]
[White "Rivera, Daniel"]
[Black "Alvarez Ibarra, D Rafael"]
[Result "1/2-1/2"]
[WhiteElo "2305"]
[BlackElo "2385"]

1.e4 e6 2.d4 d5 3.Nc3 Nf6 4.e5 Nfd7 5.f4 c5 6.Nf3 Nc6 7.Be3 cxd4 8.Nxd4 Bc5
9.Qd2 a6 10.O-O-O O-O 11.Kb1 Bxd4 12.Bxd4 b5 13.Qe3 b4 14.Ne2 a5 15.Ng3 Ba6
16.Bxa6 Rxa6 17.Rhe1 Nxd4 18.Qxd4 Qc7 19.Rc1 Rc8 20.c3 Rc6 21.Ne2 Rc4 22.cxb4 axb4
23.b3 Rxd4 24.Rxc7 Rd1+  1/2-1/2

[Event "FRA-chT"]
[Site "FRA"]
[Date "1990.??.??"]
[Round "?"]
[White "Chevallier, Didier"]
[Black "Dezan, Pierre"]
[Result "0-1"]
[WhiteElo "2255"]
[BlackElo "2225"]

1.e4 e6 2.d4 d5 3.Nc3 Nf6 4.e5 Nfd7 5.f4 c5 6.Nf3 Nc6 7.Be3 cxd4 8.Nxd4 Bc5
9.a3 O-O 10.b4 Bxd4 11.Bxd4 a5 12.b5 Nxd4 13.Qxd4 Qc7 14.Bd3 Nc5 15.O-O Bd7
16.Rac1 Rac8 17.Ne2 a4 18.Qe3 Nxd3 19.cxd3 Qa5 20.Nd4 Rc3 21.Qd2 Rfc8 22.Kf2 Qb6
23.Ke3 R3c5 24.Rxc5 Rxc5 25.Kf3 f6 26.Qb4 Rc8 27.Re1 Rf8 28.g3 Ra8 29.Kg2 Kf7
30.f5 Re8 31.fxe6+ Bxe6 32.exf6 gxf6 33.Re2 Qc7 34.b6 Qd7 35.Kf2 h5 36.Nb5 Kg7
37.Nd6 Rd8 38.Nf5+ Kf7 39.Nh4 Qc6  0-1

[Event "FRA-chT"]
[Site "FRA"]
[Date "1990.??.??"]
[Round "?"]
[White "Moingt, Jean Claude"]
[Black "Dezan, Pierre"]
[Result "0-1"]
[WhiteElo "2265"]
[BlackElo "2225"]

1.e4 e6 2.d4 d5 3.Nc3 Nf6 4.e5 Nfd7 5.f4 c5 6.Nf3 Nc6 7.Be3 cxd4 8.Nxd4 Bc5
9.Qd2 O-O 10.O-O-O a6 11.h4 Bxd4 12.Bxd4 b5 13.h5 b4 14.Na4 Qa5 15.b3 Nxd4
16.Qxd4 Bb7 17.Kb1 Bc6 18.Nb2 Qc5 19.Rh3 a5 20.c3 Rfc8 21.Qxc5 Nxc5 22.cxb4 axb4
23.Rd4 Ne4 24.Nd1 Ra5 25.Bd3 Nd2+ 26.Kb2 Rca8 27.Rxb4 Rxa2+ 28.Kc3 Ne4+ 29.Bxe4 dxe4
30.Nb2 Bd5 31.Kc2 Ra1 32.Rc3 Rh1 33.Ra4 Rf8 34.Nc4 Rxh5 35.Nd6 Rh2 36.Rg3 e3
37.Rxe3 Rxg2+ 38.Kc3 Rb8 39.b4 h5 40.Ra7 h4 41.b5 Rf2 42.Rxf7 Rxb5 43.Rxg7+ Kxg7
44.Nxb5 Rf3 45.Rxf3 Bxf3 46.Nd4 Bg4 47.f5 exf5 48.Ne6+ Kf7 49.Ng5+ Ke7  0-1

[Event "Arnold Cup"]
[Site "Gausdal"]
[Date "1990.??.??"]
[Round "2"]
[White "Berg, Klaus"]
[Black "Bronstein, David I"]
[Result "1/2-1/2"]
[WhiteElo "2410"]
[BlackElo "2445"]

1.e4 e6 2.d4 d5 3.Nc3 Nf6 4.e5 Ng8 5.Be3 Ne7 6.f4 Nf5 7.Bf2 h5 8.Nf3 b6 9.g3 Ba6
10.Bxa6 Nxa6 11.Ne2 Qd7 12.O-O c5 13.c3 c4 14.h3 b5 15.Kg2 b4 16.g4 hxg4
17.hxg4 Nh6 18.Rh1 Rg8 19.g5 Nf5 20.b3 Rc8 21.Rc1 bxc3 22.bxc4 dxc4 23.Nxc3 Nb4
24.Ne1 Nd5 25.Nxd5 Qxd5+ 26.Nf3 Qc6 27.Qc2 Be7 28.d5 Qxd5 29.Qa4+ Kf8 30.Rhd1 Qe4
31.Qa6 Rc7 32.Qb5 Rc8 33.Qa6 Rc7 34.Qb5 Rc8 35.Qa6 Rc7  1/2-1/2

[Event "Groningen op"]
[Site "Groningen"]
[Date "1990.??.??"]
[Round "1"]
[White "Voekler, Bernd"]
[Black "Moskalenko, Viktor"]
[Result "0-1"]
[WhiteElo "2340"]
[BlackElo "2515"]

1.e4 e6 2.d4 d5 3.Nc3 Nf6 4.e5 Nfd7 5.f4 c5 6.Nf3 Nc6 7.Be3 a6 8.Bd3 Qb6
9.Na4 Qa5+ 10.c3 cxd4 11.Nxd4 Nxd4 12.b4 Nf3+ 13.gxf3 Qc7 14.Rc1 b5 15.Nb2 Nb6
16.O-O Be7 17.a4 Nc4 18.Nxc4 dxc4 19.Be4 Bb7 20.Qc2 Bxe4 21.Qxe4 O-O 22.Ra1 Qc8
23.Rfd1 f5 24.Qc2 Qc6 25.Kg2 h6 26.a5 Rf7 27.Qe2 g5 28.Rg1 Rg7 29.Kf1 Rd8
30.fxg5 hxg5 31.Rd1 Rd3 32.Kf2 g4 33.Rxd3 cxd3 34.Qd1 Kh7 35.Kf1 Qc4 36.Bd2 Qd5
37.fxg4 fxg4 38.Rg2 Qxe5 39.Kg1 Qe4 40.h3 gxh3 41.Rxg7+ Kxg7 42.Qf1 Qe2 43.Bh6+ Kxh6  0-1

[Event "Groningen op"]
[Site "Groningen"]
[Date "1990.??.??"]
[Round "3"]
[White "Luther, Thomas"]
[Black "Kerkmeester, Heico"]
[Result "1-0"]
[WhiteElo "2385"]
[BlackElo "2210"]

1.e4 e6 2.d4 d5 3.Nc3 Nf6 4.e5 Ne4 5.Nxe4 dxe4 6.Bc4 a6 7.a4 b6 8.Ne2 Bb7
9.Nf4 g6 10.Be3 Nc6 11.O-O Ne7 12.Qe2 Qd7 13.Rfd1 Bg7 14.c3 O-O 15.Bb3 Rad8
16.Bc2 Qc8 17.a5 b5 18.b4 Nd5 19.Bd2 f5 20.exf6 Nxf6 21.Bb3 Rfe8 22.Qe3 Bd5
23.Bc2 c6 24.Qh3 e5 25.Qxc8 Rxc8 26.dxe5 Rxe5 27.Be3 Re7 28.Nxd5 cxd5 29.Bc5 Rd7
30.Bb3 Kf7 31.Ra2 Ke6 32.Re2 Kf5 33.f3 h5 34.fxe4+ dxe4 35.Rf2+ Ke5 36.Rxd7 Nxd7
37.Bd4+  1-0

[Event "Groningen op"]
[Site "Groningen"]
[Date "1990.??.??"]
[Round "4"]
[White "Vehi Bach, Victor Manuel"]
[Black "Heidenfeld, Mark"]
[Result "1-0"]
[WhiteElo "2400"]
[BlackElo "2280"]

1.e4 e6 2.d4 d5 3.Nc3 Nf6 4.e5 Nfd7 5.f4 c5 6.Nf3 Nc6 7.Be3 a6 8.Qd2 cxd4
9.Nxd4 Bc5 10.O-O-O Nxd4 11.Bxd4 Bxd4 12.Qxd4 Qb6 13.g3 Qxd4 14.Rxd4 Rb8
15.b3 b6 16.Kb2 Bb7 17.Bg2 Ke7 18.Nd1 Rhd8 19.Ne3 Nc5 20.Rhd1 Rbc8 21.a4 a5
22.Bf1 Bc6 23.c4 dxc4 24.Nxc4 Rxd4 25.Rxd4 Nd7 26.Nd6 Rc7 27.Nb5 Rb7 28.Rd6 Bd5
29.Nc3 f6 30.Nxd5+ exd5 31.Bh3 fxe5 32.fxe5 d4 33.Bxd7 Rxd7 34.Rxb6 Rc7 35.Rd6 Rc5
36.Rxd4 Rxe5 37.Kc3 Ke6 38.Kc4 g5 39.Rd8 Rf5 40.Rb8 Rf2 41.Rb5 Rc2+ 42.Kd3 Rxh2
43.Rxg5 Rg2 44.Rxa5 Rxg3+ 45.Kc4 Rg4+ 46.Kc3 Kd6 47.Rh5 Rg7 48.Kc4 Rc7+ 49.Kd4 Re7
50.Rh6+ Kc7 51.Kc5 Kb7 52.a5 Ka7 53.b4 Rc7+ 54.Kb5 Rb7+ 55.Ka4 Rg7 56.b5 Rg4+
57.Kb3 Rg3+ 58.Kc4 Rg4+ 59.Kc5 Rg5+ 60.Kc6 Kb8 61.a6  1-0

[Event "Groningen op"]
[Site "Groningen"]
[Date "1990.??.??"]
[Round "8"]
[White "Van de Oudeweetering, Arthur"]
[Black "Luther, Thomas"]
[Result "0-1"]
[WhiteElo "2345"]
[BlackElo "2385"]

1.e4 e6 2.d4 d5 3.Nc3 Nf6 4.e5 Nfd7 5.f4 c5 6.Nf3 Nc6 7.Be3 cxd4 8.Nxd4 Bc5
9.Qd2 a6 10.O-O-O O-O 11.Nce2 Na5 12.Ng3 b5 13.Qe1 Nc4 14.Bf2 Qc7 15.Nb3 Be7
16.Bd4 a5 17.Nh5 Ba6 18.Qg3 g6 19.Bd3 a4 20.Nd2 a3 21.Nf6+ Nxf6 22.exf6 axb2+
23.Kb1 Bd6 24.Qh4 Rfb8 25.Nb3 b4 26.Qf2 Rc8 27.g3 Na3+ 28.Kxb2 Bxd3 29.cxd3 Qc2+
30.Qxc2 Rxc2+ 31.Ka1 Nb5 32.Bb2 Nc3  0-1

[Event "Karl-Marx-Stadt"]
[Site "Karl-Marx-Stadt"]
[Date "1990.??.??"]
[Round "?"]
[White "Panchev, Pavel"]
[Black "Rosiak, Andrzej"]
[Result "1-0"]
[WhiteElo "2365"]
[BlackElo "2390"]

1.e4 e6 2.d4 d5 3.Nc3 Nf6 4.e5 Nfd7 5.f4 c5 6.Nf3 Nc6 7.Be3 a6 8.Qd2 b5 9.dxc5 Bxc5
10.Bxc5 Nxc5 11.Bd3 b4 12.Ne2 Qb6 13.Ned4 Nxd4 14.Nxd4 O-O 15.Qe3 a5 16.O-O Na4
17.b3 Nc3 18.a4 Ba6 19.Rf2 Rad8 20.Re1 Ne4 21.Bxe4 dxe4 22.Nf5 Qxe3 23.Nxe3 Rd7
24.Rd1 Rfd8 25.Rxd7 Rxd7 26.g4 f6 27.exf6 gxf6 28.Kg2 Kf7 29.Kg3 h5 30.h3 Rd8
31.Rg2 hxg4 32.hxg4 Kg6 33.Rh2 Rc8 34.Rd2 Rc5 35.f5+ exf5 36.gxf5+ Kg5 37.Rd8 Rc8
38.Rd7 Rc3 39.Rg7+ Kh6 40.Rg6+ Kh7 41.Kf4 Bd3 42.cxd3 exd3 43.Rxf6 Rxb3 44.Rd6 Ra3
45.Rd7+ Kg8 46.f6 Rxa4 47.f7+ Kf8 48.Ke5 b3 49.Nf5 Rb4 50.Kf6 Rb8 51.Nd6  1-0

[Event "JUG-ch"]
[Site "Kladovo"]
[Date "1990.??.??"]
[Round "?"]
[White "Cabrilo, Goran"]
[Black "Miljanic, Boro"]
[Result "1-0"]
[WhiteElo "2480"]
[BlackElo "2385"]

1.e4 e6 2.d4 d5 3.Nc3 Nf6 4.e5 Nfd7 5.f4 c5 6.Nf3 Nc6 7.Be3 a6 8.Qd2 cxd4
9.Nxd4 Bc5 10.g3 Nxd4 11.Bxd4 O-O 12.Bxc5 Nxc5 13.Qd4 Qc7 14.Bd3 b5 15.O-O Bb7
16.Rae1 Rfd8 17.f5 exf5 18.Bxf5 Ne4 19.Re3 g6 20.Bg4 h5 21.e6 f5 22.Bxf5 gxf5
23.Rxf5 Rf8 24.Nxd5 Bxd5 25.Qxd5 Nf6 26.Rxf6  1-0

[Event "Kusadasi op"]
[Site "Kusadasi"]
[Date "1990.??.??"]
[Round "6"]
[White "Ziatdinov, Raset"]
[Black "Glek, Igor V"]
[Result "1-0"]
[WhiteElo "2440"]
[BlackElo "2535"]

1.e4 e6 2.d4 d5 3.Nc3 Nf6 4.e5 Nfd7 5.f4 c5 6.Nf3 Nc6 7.Be3 a6 8.Qd2 b5 9.dxc5 b4
10.Na4 Qa5 11.Nb6 Nxb6 12.cxb6 Bc5 13.Bxc5 Qxc5 14.O-O-O Qxb6 15.h4 Bb7 16.Rh3 O-O-O
17.Nd4 Kc7 18.c3 Nxd4 19.Qxd4 Qxd4 20.Rxd4 bxc3 21.Rxc3+ Kd7 22.Rb4 Rb8 23.Rb6 Rhc8
24.Rxb7+ Rxb7 25.Rxc8 Rb4 26.Rc3 Rxf4 27.Rf3 Rxh4 28.Rxf7+ Ke8 29.Rf2 a5
30.Bd3 Ke7 31.Kd2 g5 32.Ke3 Rh2 33.b3 g4 34.Kf4 h5 35.Kg3 Rh1 36.Rf1 Rxf1
37.Bxf1 Kd7 38.Kh4 Kc6 39.Kxh5 Kc5 40.Kxg4  1-0

[Event "Linz op"]
[Site "Linz"]
[Date "1990.??.??"]
[Round "7"]
[White "Kuczynski, Robert"]
[Black "Glek, Igor V"]
[Result "1/2-1/2"]
[WhiteElo "2460"]
[BlackElo "2535"]

1.e4 e6 2.d4 d5 3.Nc3 Nf6 4.e5 Nfd7 5.f4 c5 6.Nf3 Nc6 7.Be3 cxd4 8.Nxd4 Bc5
9.Qd2 O-O 10.O-O-O a6 11.Kb1 Nxd4 12.Bxd4 b5 13.Qe3 Qc7 14.Bd3 Bxd4 15.Qxd4 Qc5
16.Ne2 b4 17.Qxc5 Nxc5 18.Nd4 a5 19.h4 Ba6 20.Rh3 a4 21.Re3 Rfb8 22.Rc1 b3
23.Bxa6 bxa2+ 24.Kxa2 Rxa6 25.Rc3 Ne4 26.Rc6 Rxc6  1/2-1/2

[Event "Mar del Plata op"]
[Site "Mar del Plata"]
[Date "1990.??.??"]
[Round "?"]
[White "Grushka, Carlos"]
[Black "Palermo, Vicente"]
[Result "1/2-1/2"]
[WhiteElo "2330"]
[BlackElo "2300"]

1.e4 e6 2.d4 d5 3.Nc3 Nf6 4.e5 Nfd7 5.f4 c5 6.Nf3 Nc6 7.Be3 a6 8.Qd2 Be7
9.Be2 O-O 10.O-O f6 11.exf6 Rxf6 12.Rae1 b6 13.Nd1 Rf8 14.c3 Nf6 15.Nf2 Bd6
16.a3 Qc7 17.Ne5 Bb7 18.Bd3 Ne7 19.g4 g6 20.Nh3 Bxe5 21.fxe5 Nxg4 22.Bg5 cxd4
23.cxd4 Rxf1+ 24.Rxf1 Nf5 25.Bxf5 exf5 26.Rc1 Qf7 27.Qb4 Rc8 28.Qxb6 Qd7
29.e6 Rxc1+ 30.Bxc1 Qc8 31.Bf4 Bc6 32.Bd6 Qxe6 33.Qxc6 Qe1+ 34.Kg2 Qe2+ 35.Kg1  1/2-1/2

[Event "EUCup Moscow-ZSKA"]
[Site "Moscow"]
[Date "1990.??.??"]
[Round "?"]
[White "Dokhoian, Yury"]
[Black "Vasiukov, Evgeni"]
[Result "1/2-1/2"]
[WhiteElo "2540"]
[BlackElo "2540"]

1.e4 e6 2.d4 d5 3.Nc3 Nf6 4.e5 Nfd7 5.f4 c5 6.Nf3 Nc6 7.Be3 a6 8.Qd2 b5 9.a3 Bb7
10.Bd3 cxd4 11.Nxd4 Nxd4 12.Bxd4 Bc5 13.Ne2 Bxd4 14.Nxd4 Nc5 15.O-O-O O-O
16.Qe3 Qc7 17.Kb1 Ne4 18.Rhe1 Rab8 19.Qh3 Ba8 20.c3 Rb6 21.Re3 Qe7 22.Qh5 g6
23.Qe2 f6 24.exf6 Qxf6 25.Rf3 Rbb8 26.Rdf1 Rbe8 27.g3 Bb7 28.Qe3 Qe7 29.Ka2 Rf6
30.Be2 Ref8 31.Nb3 Qc7 32.Qa7 Ra8 33.Qd4 Raf8 34.Qa7 Ra8 35.Qd4 Raf8  1/2-1/2

[Event "Novi Sad ol (Men)"]
[Site "Novi Sad"]
[Date "1990.??.??"]
[Round "5"]
[White "Wang Zili"]
[Black "Landenbergue, Claude"]
[Result "1/2-1/2"]
[WhiteElo "2520"]
[BlackElo "2380"]

1.e4 e6 2.d4 d5 3.Nc3 Nf6 4.e5 Ne4 5.Bd3 Nxc3 6.bxc3 c5 7.Nf3 Nc6 8.O-O c4
9.Be2 Be7 10.Ne1 O-O 11.f4 f6 12.exf6 Bxf6 13.Bg4 b5 14.a3 a5 15.Nf3 Rb8
16.Kh1 Qd6 17.Ne5 Ne7 18.Rf3 Nf5 19.Qe2 Bxe5 20.fxe5 Qe7 21.Bb2 Bd7 22.Raf1 Nh6
23.Bh3 Rxf3 24.Rxf3 Rf8 25.Bc1 Rxf3 26.Qxf3 Qh4 27.Bd2 Nf7 28.Bg4 Nh6 29.Bh3 Nf7
30.Qf4 Qxf4 31.Bxf4 g5 32.Be3 h5 33.g4  1/2-1/2

[Event "Novi Sad ol (Men)"]
[Site "Novi Sad"]
[Date "1990.??.??"]
[Round "7"]
[White "Wong Meng Kong"]
[Black "Hynes, Kilian A"]
[Result "1-0"]
[WhiteElo "2385"]
[BlackElo "2245"]

1.e4 e6 2.d4 d5 3.Nc3 Nf6 4.e5 Nfd7 5.f4 c5 6.Nf3 Nc6 7.Ne2 Qb6 8.c3 f6 9.g3 cxd4
10.cxd4 fxe5 11.fxe5 Bb4+ 12.Bd2 Bxd2+ 13.Qxd2 Qb4 14.O-O-O Nb6 15.Nf4 Bd7
16.h4 Nc4 17.Bxc4 dxc4 18.d5 Qxd2+ 19.Rxd2 Nb4 20.Nxe6 Bxe6 21.dxe6 Nd3+
22.Kb1 Rf8 23.Ng5 Ke7 24.Nxh7 Rf5 25.Ng5 Raf8 26.Kc2 Rxe5 27.b3 b5 28.bxc4 bxc4
29.Rb1 Nc5 30.Rb4 Rxg5 31.hxg5 Rf5 32.Rxc4 Rxg5 33.Re2 Nxe6 34.Rc6 Rg6 35.Ra6 Rf6
36.Kc3 Kf7 37.Rxa7+ Kg6 38.Kc4 Nd8 39.Ree7 Nc6 40.Rxg7+ Kf5 41.Ra3  1-0

[Event "Orange op"]
[Site "Orange"]
[Date "1990.??.??"]
[Round "9"]
[White "Weill, Roland"]
[Black "Blanchard, S."]
[Result "1-0"]
[WhiteElo "2255"]
[BlackElo "1980"]

1.e4 e6 2.d4 d5 3.Nc3 Nf6 4.e5 Nfd7 5.f4 c5 6.Nf3 Nc6 7.Be3 cxd4 8.Nxd4 Bc5
9.Qd2 a6 10.Nb3 Bxe3 11.Qxe3 b5 12.O-O-O Na5 13.Nd4 Nc4 14.Bxc4 bxc4 15.f5 Nb6
16.fxe6 Bxe6 17.Nxe6 fxe6 18.Rhf1 Nd7 19.Qh3 Qg5+ 20.Kb1 Qg6 21.Nxd5 exd5
22.Rxd5  1-0

[Event "Ostend op"]
[Site "Ostend"]
[Date "1990.??.??"]
[Round "?"]
[White "Polaczek, Richard"]
[Black "Schmittdiel, Eckhard"]
[Result "0-1"]
[WhiteElo "2420"]
[BlackElo "2455"]

1.e4 e6 2.d4 d5 3.Nc3 Nf6 4.e5 Nfd7 5.f4 c5 6.Nf3 Nc6 7.Be3 a6 8.Qd2 cxd4
9.Nxd4 Bc5 10.h4 Bxd4 11.Bxd4 b5 12.h5 b4 13.Nd1 Nxd4 14.Qxd4 f6 15.h6 g6
16.Nf2 fxe5 17.fxe5 Qg5 18.Nd3 a5 19.a3 bxa3 20.Rxa3 O-O 21.Rh3 Ba6 22.Qe3 Qg4
23.Be2 Qxg2 24.Ra4 Bxd3 25.cxd3 Rab8 26.Rg3 Qh1+ 27.Rg1 Qh2  0-1

[Event "Paris-ch"]
[Site "Paris"]
[Date "1990.??.??"]
[Round "?"]
[White "Bjornsson, Tomas"]
[Black "Rosta, Sandor"]
[Result "1-0"]
[WhiteElo "2300"]
[BlackElo "2210"]

1.e4 e6 2.d4 d5 3.Nc3 Nf6 4.e5 Nfd7 5.f4 c5 6.Nf3 Nc6 7.dxc5 Bxc5 8.Bd3 f6
9.Qe2 O-O 10.exf6 Nxf6 11.Bd2 Kh8 12.O-O-O Bd7 13.Ne5 Nd4 14.Qe1 Be8 15.Qh4 Nf5
16.Qh3 Nd7 17.Nf3 Qf6 18.Ng5 Bg6 19.g4 Nh6 20.Rde1 Rae8 21.Bb5 Nb6 22.Bxe8 Rxe8
23.Nf3 Nc4 24.g5 Qf5 25.Qxf5 Nxf5 26.Ne5 Nxe5 27.fxe5 a6 28.Ne2 Rc8 29.Nf4 Bf7
30.h4 g6 31.Rh2 Kg8 32.h5 gxh5 33.Nxh5 Bxh5 34.Rxh5 Rc7 35.Rh3 Bd4 36.c3 Bc5
37.Reh1 Rg7 38.g6 hxg6 39.Bg5 Kf7 40.Bf6 Rg8 41.Rh7+ Ng7 42.Rf1 g5 43.Bxg7+ Kg6
44.Rfh1 Rxg7 45.R1h6+ Kf7 46.Rf6+ Kg8 47.Rxg7+ Kxg7 48.Kd1 g4 49.Ke2  1-0

[Event "URS-chT"]
[Site "Podolsk"]
[Date "1990.??.??"]
[Round "?"]
[White "Dvoirys, Semen I"]
[Black "Bagirov, Vladimir"]
[Result "1-0"]
[WhiteElo "2535"]
[BlackElo "2470"]

1.e4 e6 2.d4 d5 3.Nc3 Nf6 4.e5 Nfd7 5.f4 c5 6.Nf3 Nc6 7.Be3 Qb6 8.Na4 Qa5+
9.c3 c4 10.b4 Qc7 11.Nc5 a5 12.Nxd7 Bxd7 13.b5 Ne7 14.a4 Nf5 15.Bc1 Be7 16.g3 O-O-O
17.Bh3 g6 18.Ba3 Bxa3 19.Rxa3 Ng7 20.Ra2 Be8 21.Qc1 Qe7 22.Re2 Bd7 23.Kd1 h5
24.Ng5 Kc7 25.Kc2 Kb6 26.Kb2 Rdf8 27.Ka2 Kc7 28.Ree1 b6 29.Bg2 Nf5 30.Bf3 Bc8
31.Bd1 Bd7 32.Bc2 Rh6 33.Reg1 Rfh8 34.Nf3 Qf8 35.Rf1 Kd8 36.Rhg1 Qe7 37.h3 Ng7
38.g4 hxg4 39.hxg4 Rh3 40.Rh1 Kc7 41.Ng5 Rh2 42.Nf3 R2h3 43.Rxh3 Rxh3 44.Qd1 Qf8
45.Qe2 Qh8 46.Qg2 Be8 47.Kb2 Qh6 48.Bd1 Kd8 49.Be2 Ke7 50.Rf2 Kf8 51.Bf1 Rh1
52.Nh2 Qh4 53.Rc2 Rxh2 54.Qxh2 Qxh2 55.Rxh2 Kg8 56.Kc1 Bd7 57.Be2 Ne8 58.Kd2 f5
59.exf6 Nxf6 60.Bf3 Kg7 61.Ke3 Ne8 62.f5 exf5 63.gxf5 Bxf5 64.Bxd5 Nd6  1-0

[Event "RLPF-chA"]
[Site "Polch"]
[Date "1990.??.??"]
[Round "?"]
[White "Christoffel, Ulrich"]
[Black "Wagner, Hans"]
[Result "1/2-1/2"]
[WhiteElo "2080"]
[BlackElo "2075"]

1.e4 e6 2.Nc3 d5 3.d4 Nf6 4.e5 Nfd7 5.Nf3 c5 6.Ne2 Nc6 7.c3 Qb6 8.g3 Be7
9.Bh3 f5 10.exf6 Nxf6 11.O-O Ne4 12.Nf4 Nd8 13.Ne5 O-O 14.Qd3 Nf7 15.Kg2 cxd4
16.Nxf7 Rxf7 17.cxd4 Qd6 18.Be3 Bd7 19.f3 Nf6 20.Ne2 Qb6 21.a4 Raf8 22.Bf4 Nh5
23.Be5 Bd6 24.a5 Qc7 25.Rac1 Qb8 26.Qe3 g6 27.Bg4 Nf6 28.Bh3 Nh5 29.Nc3 Ng7
30.Nd1 Bb5 31.Rf2 Nf5 32.Qf4 Bxe5 33.Qxe5 Qxe5 34.dxe5 Kg7 35.f4 Bd3 36.Bg4  1/2-1/2

[Event "RLPF-chA"]
[Site "Polch"]
[Date "1990.??.??"]
[Round "?"]
[White "Wagner, Hans"]
[Black "Kessler, Alexander"]
[Result "1/2-1/2"]
[WhiteElo "2075"]
[BlackElo "2150"]

1.e4 e6 2.d4 d5 3.Nc3 Nf6 4.e5 Nfd7 5.f4 c5 6.Nf3 Nc6 7.Be3 Qb6 8.a3 a6 9.g3 Qc7
10.Bg2 cxd4 11.Nxd4 Nb6 12.Nce2 Nc4 13.Bc1 Nxd4 14.Nxd4 Bd7 15.O-O g6 16.Kh1 Bc5
17.b3 Nb6 18.Be3 O-O-O 19.a4 Kb8 20.Qe2 Nc8 21.Rfb1 Ba7 22.b4 Nb6 23.b5 a5
24.Qf2 Nc8 25.Rb3 Ka8 26.Raa3 Bc5 27.Rc3 b6 28.Nb3 Bxe3 29.Qxe3 Qa7 30.Nd4 Ne7
31.Rab3 Rc8 32.Qd3 Rxc3 33.Rxc3 Qb7 34.Rc4 Rc8 35.Rc3 Rxc3 36.Qxc3 Qc8 37.Qa3 Nf5
38.Nxf5 gxf5 39.Qd3 Kb8 40.h3  1/2-1/2

[Event "RLPF-chB"]
[Site "Polch"]
[Date "1990.??.??"]
[Round "?"]
[White "Puth, Dieter"]
[Black "Merges, Harald"]
[Result "1/2-1/2"]
[WhiteElo "2020"]
[BlackElo "1845"]

1.e4 e6 2.d4 d5 3.Nc3 Nf6 4.e5 Nfd7 5.Bf4 c5 6.Nf3 Nc6 7.Be3 f6 8.Bb5 cxd4
9.Nxd4 Nxd4 10.Bxd4 f5 11.Nxd5  1/2-1/2

[Event "RLPF-chB"]
[Site "Polch"]
[Date "1990.??.??"]
[Round "?"]
[White "Schreiner, Thomas"]
[Black "Merges, Harald"]
[Result "1-0"]
[WhiteElo "1830"]
[BlackElo "1845"]

1.e4 e6 2.d4 d5 3.Nc3 Nf6 4.e5 Nfd7 5.Nce2 c5 6.c3 Nc6 7.Nf3 Be7 8.Nf4 Qb6
9.Be2 cxd4 10.cxd4 Bb4+ 11.Kf1 Nf8 12.Nh5 Rg8 13.Bh6 Be7 14.Nxg7+ Kd8 15.Ng5 Rxg7
16.Bxg7 Bxg5 17.Bxf8 Nxd4 18.g3 Qxb2 19.h4 Nxe2 20.hxg5 Bd7 21.Kg2 Bc6 22.Re1 d4+
23.Kh3 Bf3 24.Qd3 Qc3 25.Rad1 Rc8 26.Ba3 Qxd3 27.Rxd3 Rc3 28.Rxc3 dxc3 29.Rd1+ Bd5
30.Bc1 b5 31.Be3 a6 32.Re1 Bc4 33.Kg2 Kc7 34.Kf3 b4 35.Rxe2 Bxe2+ 36.Kxe2 Kc6
37.Kd3 Kb5 38.Bc1 Kc5 39.f4 a5 40.Be3+ Kb5 41.a3 Ka4 42.axb4 axb4 43.Kc2 Kb5
44.Kb3 Ka5 45.Bc5 Kb5 46.Bf8  1-0

[Event "Porz Citroen-Cup"]
[Site "Porz"]
[Date "1990.??.??"]
[Round "8"]
[White "Westerinen, Heikki MJ"]
[Black "Jackelen, Thomas"]
[Result "0-1"]
[WhiteElo "2450"]
[BlackElo "2365"]

1.e4 e6 2.d4 d5 3.Nc3 Nf6 4.e5 Nfd7 5.f4 c5 6.Nf3 Nc6 7.Be3 cxd4 8.Nxd4 Bc5
9.Qd2 O-O 10.O-O-O a6 11.h4 Qc7 12.Rh3 Nxd4 13.Bxd4 b5 14.Rg3 Bb7 15.Bxc5 Nxc5
16.Qd4 Rac8 17.Kb1 Ne4 18.Re3 f6 19.exf6 gxf6 20.Rf3 e5 21.Qb4 d4 22.Qb3+ Kh8
23.Nxe4 Bxe4 24.Rf2 Qc5 25.Rdd2 Bd5 26.Qa3 b4 27.Qa4 e4 28.Rfe2 e3 29.Rd3 Bc4
30.Re1 Bb5 31.Qb3 a5 32.Rc1 Bc4 33.Qa4 Rfd8 34.g4 Rd5 35.g5 fxg5 36.hxg5 Rc6
37.a3 Rc8 38.Bh3 Rb8 39.Be6 Bxd3 40.cxd3 Qb5 41.Qxb5 Rdxb5 42.a4 R5b6 43.Bg4 Rf8
44.Rf1 Rg6 45.Be2 Rg7 46.Ka2 Rgf7 47.Rh1 Kg7 48.Kb3 Rxf4 49.Kc4 Rc8+ 50.Kd5 Rd8+
51.Ke5 Rf2 52.Re1 Kg6 53.b3 Kxg5 54.Rg1+ Kh4 55.Rh1+ Kg3 56.Re1 Rxe2  0-1

[Event "Bohemians-B"]
[Site "Prague"]
[Date "1990.??.??"]
[Round "?"]
[White "Szymczak, Zbigniew"]
[Black "Zolnierowicz, Krzysztof"]
[Result "1/2-1/2"]
[WhiteElo "2345"]
[BlackElo "2400"]

1.e4 e6 2.d4 d5 3.Nc3 Nf6 4.e5 Nfd7 5.f4 c5 6.Nf3 Nc6 7.Be3 a6 8.Qd2 cxd4
9.Nxd4 Bc5 10.O-O-O O-O 11.Be2 Bxd4 12.Bxd4 b5 13.Bf3 b4 14.Ne2 Nb6  1/2-1/2

[Event "CRO-Cup"]
[Site "Pula"]
[Date "1990.??.??"]
[Round "?"]
[White "Cabrilo, Goran"]
[Black "Bajovic, Milan"]
[Result "1-0"]
[WhiteElo "2480"]
[BlackElo "2330"]

1.e4 e6 2.d4 d5 3.Nc3 Nf6 4.e5 Nfd7 5.Nce2 c5 6.c3 Nc6 7.f4 Be7 8.Nf3 O-O
9.Be3 a6 10.g3 b5 11.Bh3 g6 12.O-O b4 13.cxb4 cxb4 14.Rc1 Qb6 15.Bf2 Bb7
16.g4 Rfc8 17.f5 b3 18.axb3 Na5 19.Rxc8+ Bxc8 20.Nf4 Rb8 21.b4 Bxb4 22.Kh1 Be7
23.Qe1 Bh4 24.Qc1 Be7 25.fxg6 hxg6 26.Nxg6 fxg6 27.Qh6 Nf8 28.Bh4 Qc7 29.Ng5 Rxb2
30.Nf7  1-0

[Event "Pula op"]
[Site "Pula"]
[Date "1990.??.??"]
[Round "5"]
[White "Brunski, Igor"]
[Black "Barlov, Dragan"]
[Result "0-1"]
[WhiteElo "2250"]
[BlackElo "2520"]

1.e4 e6 2.d4 d5 3.Nc3 Nf6 4.e5 Nfd7 5.f4 c5 6.Nf3 Nc6 7.Be3 a6 8.Qd2 b5 9.Be2 b4
10.Nd1 Qb6 11.c3 bxc3 12.bxc3 cxd4 13.Bxd4 Nxd4 14.Nxd4 Bc5 15.O-O O-O 16.Kh1 a5
17.Rf3 Ba6 18.Nb2 Bxd4 19.cxd4 Bxe2 20.Qxe2 Qxd4 21.Rd1 Qe4 22.Qxe4 dxe4
23.Rc3 Nb6 24.Re3 Nd5 25.Ree1 Rfc8 26.Rd2 Rab8 27.g3 e3 28.Rde2 Nc3 29.Rc2 Nxa2
30.Nc4 Nb4 31.Rc3 Rc5 32.Rec1 Rbc8 33.Kg2 Nd5  0-1

[Event "Pula op"]
[Site "Pula"]
[Date "1990.??.??"]
[Round "6"]
[White "Rosic, Slavko"]
[Black "Nikolenko, Oleg"]
[Result "0-1"]
[WhiteElo "2260"]
[BlackElo "2385"]

1.e4 e6 2.d4 d5 3.Nc3 Nf6 4.e5 Nfd7 5.f4 c5 6.Nf3 Nc6 7.Be3 cxd4 8.Nxd4 Qb6
9.Na4 Qa5+ 10.c3 Nxd4 11.b4 Bxb4 12.cxb4 Qxb4+ 13.Bd2 Qe7 14.Bd3 Nc6 15.O-O b6
16.Qg4 f5 17.Qh5+ Qf7 18.Qh4 O-O 19.g4 Nc5 20.Nxc5 bxc5 21.gxf5 exf5 22.Rac1 c4
23.Rf3 Qe7 24.Qxe7 Nxe7 25.Bb4 Re8 26.Bf1 Be6 27.Bd6 Rac8 28.Ra3 d4 29.Rxa7 Ng6
30.Rb1 Ra8 31.Rc7 Rec8 32.Bg2 Rxc7 33.Bxa8 Rc8 34.Bb7 Rd8 35.a4 c3 36.a5 c2
37.Rc1 d3  0-1